00505nam a2200157Ia 4500008004100000041000800041082001500049100001700064245004500081250001400126260002700140300003400167365000700201999001700208952012200225240624s9999 xx 000 0 und d aeng a332.12 GUP aGUP BENTON E aCOMMERCIAL BANKING THE MANAGEMENT OF RIS a(3rd ed.) c2006aNew DelhibWiley axxviii, : 548 : p. : cm. ; 24 cRS c20429d20429 02104070aIMTNbIMTNcRack 9-Bd2012-12-04eIMTNg399.00o332.12 GUPp20429r2024-06-24 00:00:00t1w2024-06-24yBK